Online Catalogue and eLibrary

Outside in the teaching machine (Record no. 3156)

MARC details
000 -LEADER
fixed length control field 00451nam a2200193Ia 4500
005 - DATE AND TIME OF LATEST TRANSACTION
control field 20241003035641.0
008 - FIXED-LENGTH DATA ELEMENTS--GENERAL INFORMATION
fixed length control field 240331s9999 xx 000 0 und d
020 ## - INTERNATIONAL STANDARD BOOK NUMBER
ISBN 0415904897
082 ## - DDC Classification
Item Number - Author Mark SPI
Class No. 809
100 ## - MAIN ENTRY--PERSONAL NAME
Personal name Spivak, G.C
245 #0 - TITLE STATEMENT
Title Outside in the teaching machine
260 ## - PUBLICATION, DISTRIBUTION, ETC.
Place of publication, distribution, etc. London
Name of publisher, distributor, etc. Routledge
Date of publication, distribution, etc. 1993
300 ## - PHYSICAL DESCRIPTION
Extent (e.g. Volumes, Pages etc.) x, 335 p .,
650 ## - SUBJECT ADDED ENTRY--TOPICAL TERM
Topical term or geographic name entry element Feminist
650 ## - SUBJECT ADDED ENTRY--TOPICAL TERM
Topical term or geographic name entry element Criticism
650 ## - SUBJECT ADDED ENTRY--TOPICAL TERM
Topical term or geographic name entry element women
650 ## - SUBJECT ADDED ENTRY--TOPICAL TERM
Topical term or geographic name entry element Literature
942 ## - Koha item type (Biblio)
Koha item type Books in Stacks (Lending)
Holdings
Lost status Damaged status Collection code Home library Current library Shelving location Date acquired Full call number Accession Number Item type
    Lending WERC Library WERC Library Social Science Cupboard 03/31/2024 809.8 SPI 3721 Books in Stacks (Lending)

© WERC Library